Differential equations with boundary-value problems / (Record no. 8036)

MARC details
000 -LEADER
fixed length control field 01761nac a2200469 i 4500
003 - CONTROL NUMBER IDENTIFIER
control field EG-ScBUE
005 - DATE AND TIME OF LATEST TRANSACTION
control field 20241013131431.0
006 - FIXED-LENGTH DATA ELEMENTS--ADDITIONAL MATERIAL CHARACTERISTICS--GENERAL INFORMATION
fixed length control field m||||fq||h 00| 0
008 - FIXED-LENGTH DATA ELEMENTS--GENERAL INFORMATION
fixed length control field 090525t2005 caua f 001 0 eng d
020 ## - INTERNATIONAL STANDARD BOOK NUMBER
International Standard Book Number 0534418872
020 ## - INTERNATIONAL STANDARD BOOK NUMBER
International Standard Book Number 0534420745 (AISE)
020 ## - INTERNATIONAL STANDARD BOOK NUMBER
International Standard Book Number 0534494897 (iLrn Card)
020 ## - INTERNATIONAL STANDARD BOOK NUMBER
International Standard Book Number 9780534420741
020 ## - INTERNATIONAL STANDARD BOOK NUMBER
International Standard Book Number 0534420745
020 ## - INTERNATIONAL STANDARD BOOK NUMBER
International Standard Book Number 0534418945 (CD-ROM)
040 ## - CATALOGING SOURCE
Original cataloging agency EG-ScBUE
Language of cataloging eng
Description conventions rda
Transcribing agency EG-ScBUE
Modifying agency EG-ScBUE
082 04 - DEWEY DECIMAL CLASSIFICATION NUMBER
Classification number 515.35
Item number ZIL
Edition number 22
100 1# - MAIN ENTRY--PERSONAL NAME
Personal name Zill, Dennis G.,
Relator term author.
9 (RLIN) 5132
245 10 - TITLE STATEMENT
Title Differential equations with boundary-value problems /
Statement of responsibility, etc Dennis Zill, Loyola Marymount University, Michael Cullen, Late of Loyola Marymount University.
250 ## - EDITION STATEMENT
Edition statement Sixth edition.
250 ## - EDITION STATEMENT
Edition statement Adapted international student edition.
264 #1 - PUBLICATION, DISTRIBUTION, ETC. (IMPRINT)
Place of publication, distribution, etc Belmont, CA :
Name of publisher, distributor, etc Thomson Brooks/Cole,
Date of publication, distribution, etc [2005]
264 #4 - PUBLICATION, DISTRIBUTION, ETC. (IMPRINT)
Date of publication, distribution, etc c2005
300 ## - PHYSICAL DESCRIPTION
Extent 1 volume (various pagings) :
Other physical details illustrations ;
Dimensions 29 cm +
Accompanying material 1 CD + 1 iLrn Card
336 ## - CONTENT TYPE
Source rdacontent
Content type term text
Content type code txt
336 ## - CONTENT TYPE
Source rdacontent
Content type term sounds
Content type code snd
337 ## - MEDIA TYPE
Media type term unmediated
Source rdamedia
Media type code n
337 ## - MEDIA TYPE
Media type term audio
Source rdamedia
Media type code s
338 ## - CARRIER TYPE
Carrier type term volume
Carrier type code nc
Source rdacarrier
338 ## - CARRIER TYPE
Carrier type term computer disc
Carrier type code cd
Source rdacarrier
500 ## - GENERAL NOTE
General note Includes index.
500 ## - GENERAL NOTE
General note Includes appendix.<br/>
538 ## - SYSTEM DETAILS NOTE
System details note System requirement for accompanying CD-ROM: Pnetium III 800 Mhz, 128MB RAM; Mac OSX.
590 ## - LOCAL NOTE (RLIN)
Local note catalogued by: Mostafa El-Helaly
650 #7 - SUBJECT ADDED ENTRY--TOPICAL TERM
Topical term or geographic name as entry element Differential equations
Form subdivision Textbooks.
9 (RLIN) 5133
Source of heading or term BUEsh
650 #7 - SUBJECT ADDED ENTRY--TOPICAL TERM
Topical term or geographic name as entry element Boundary value problems
Form subdivision Textbooks.
9 (RLIN) 5134
Source of heading or term BUEsh
651 ## - SUBJECT ADDED ENTRY--GEOGRAPHIC NAME
Source of heading or term BUEsh
653 ## - INDEX TERM--UNCONTROLLED
Arrived date list August2015
655 ## - INDEX TERM--GENRE/FORM
Genre/form data or focus term Differential Equations- year 1.
Form subdivision Reading book
General subdivision Engineering
Chronological subdivision Semester 2. 2008/2009
700 1# - ADDED ENTRY--PERSONAL NAME
Personal name Cullen, Michael R.,
Relator term author.
9 (RLIN) 5135
942 ## - ADDED ENTRY ELEMENTS (KOHA)
Koha item type NB - Book (Non borrowing)
Source of classification or shelving scheme Dewey Decimal Classification
Holdings
Withdrawn status Lost status Source of classification or shelving scheme Damaged status Not for loan Collection code Home library Current library Shelving location Date acquired Source of acquisition Total Checkouts Full call number Barcode Date last seen Koha item type Total Renewals Date checked out Price effective from
    Dewey Decimal Classification     Baccah Central Library Central Library First floor 19/02/2008 Purchase   515.35 ZIL 000009735 15/07/2025 NB - Book (Non borrowing)      
    Dewey Decimal Classification     Baccah Central Library Central Library First floor 19/02/2008 Purchase 2 515.35 ZIL 000009753 15/07/2025 Book - Borrowing      
    Dewey Decimal Classification     Baccah Central Library Central Library First floor 19/02/2008 Purchase 4 515.35 ZIL 000009748 15/07/2025 Book - Borrowing 11 15/02/2015  
    Dewey Decimal Classification     Baccah Central Library Central Library First floor 19/02/2008 Purchase 4 515.35 ZIL 000009754 15/07/2025 Book - Borrowing 9 28/10/2015  
    Dewey Decimal Classification     Baccah Central Library Central Library First floor 19/02/2008 Purchase 3 515.35 ZIL 000009747 15/07/2025 Book - Borrowing 4 22/10/2012  
    Dewey Decimal Classification     Baccah Central Library Central Library First floor 19/02/2008 Purchase 4 515.35 ZIL 000009746 15/07/2025 Book - Borrowing      
    Dewey Decimal Classification     Baccah Central Library Central Library First floor 19/02/2008 Purchase 5 515.35 ZIL 000009745 15/07/2025 Book - Borrowing 3 19/01/2022  
    Dewey Decimal Classification     Baccah Central Library Central Library First floor 19/02/2008 Purchase 3 515.35 ZIL 000009755 15/07/2025 Book - Borrowing 4 09/07/2014  
    Dewey Decimal Classification     Baccah Central Library Central Library First floor 19/02/2008 Purchase 4 515.35 ZIL 000009743 15/07/2025 Book - Borrowing 9 11/03/2012  
    Dewey Decimal Classification     Baccah Central Library Central Library First floor 19/02/2008 Purchase 3 515.35 ZIL 000009744 15/07/2025 Book - Borrowing      
    Dewey Decimal Classification     Baccah Central Library Central Library First floor 19/02/2008 Purchase   515.35 ZIL 000010035 24/08/2022 CD | DVD - With book (NB)     25/02/2008
    Dewey Decimal Classification     Baccah Central Library Central Library First floor 19/02/2008 Purchase 1 515.35 ZIL 000010037 24/08/2022 CD | DVD - With book 3 15/09/2008 25/02/2008
    Dewey Decimal Classification     Baccah Central Library Central Library First floor 19/02/2008 Purchase   515.35 ZIL 000010038 24/08/2022 CD | DVD - With book     25/02/2008
    Dewey Decimal Classification     Baccah Central Library Central Library First floor 19/02/2008 Purchase   515.35 ZIL 000010039 24/08/2022 CD | DVD - With book     25/02/2008
    Dewey Decimal Classification     Baccah Central Library Central Library First floor 19/02/2008 Purchase   515.35 ZIL 000010040 24/08/2022 CD | DVD - With book     25/02/2008
    Dewey Decimal Classification     Baccah Central Library Central Library First floor 19/02/2008 Purchase   515.35 ZIL 000010041 24/08/2022 CD | DVD - With book     25/02/2008
    Dewey Decimal Classification     Baccah Central Library Central Library First floor 19/02/2008 Purchase   515.35 ZIL 000010066 24/08/2022 CD | DVD - With book     25/02/2008
    Dewey Decimal Classification     Baccah Central Library Central Library First floor 19/02/2008 Purchase   515.35 ZIL 000010065 04/12/2023 CD | DVD - With book     25/02/2008
    Dewey Decimal Classification     Baccah Central Library Central Library First floor 19/02/2008 Purchase   515.35 ZIL 000010766 24/08/2022 CD | DVD - With book     25/03/2008
    Dewey Decimal Classification     Baccah Central Library Central Library First floor 19/02/2008 Purchase   515.35 ZIL 000011099 24/08/2022 CD | DVD - With book     04/05/2008